[Event "Titled Tuesday intern op 16th Apr Early"]
[Site "Chess.com INT"]
[Date "2024.04.16"]
[Round "4"]
[White "Ahn, Hongjin"]
[Black "Shishkov, Andrei"]
[Result "0-1"]
[WhiteElo "2255"]
[BlackElo "2340"]
[PlyCount "42"]
[EventDate "2024.04.16"]
[EventType "swiss (blitz)"]
[EventRounds "11"]
[EventCountry "USA"]
[SourceTitle "CB17_2024"]
[SourceDate "2024.04.24"]
[SourceVersion "1"]
[SourceVersionDate "2024.04.24"]
[SourceQuality "1"]

1. e4 d5 2. exd5 Nf6 3. d4 Nxd5 4. c4 Nb6 5. Nf3 Bg4 6. c5 N6d7 7. Bc4 e6 8. h3 Bxf3 9. Qxf3 Nc6 10. Be3 Qf6 11. Qd1 0-0-0 12. Qa4 Bxc5 13. dxc5 Qxb2 14. 0-0 Qxa1 15. Ba6 Ndb8 16. Be2 Qb2 17. Bf3 a6 18. Na3 Qb4 19. Qxb4 Nxb4 20. Rb1 Nd5 21. Bc1 Nc3 0-1

[Event "Titled Tuesday intern op 16th Apr Early"]
[Site "Chess.com INT"]
[Date "2024.04.16"]
[Round "2"]
[White "Butti, Enrique"]
[Black "Ahn, Hongjin"]
[Result "0-1"]
[WhiteElo "1989"]
[BlackElo "2255"]
[PlyCount "44"]
[EventDate "2024.04.16"]
[EventType "swiss (blitz)"]
[EventRounds "11"]
[EventCountry "USA"]
[SourceTitle "CB17_2024"]
[SourceDate "2024.04.24"]
[SourceVersion "1"]
[SourceVersionDate "2024.04.24"]
[SourceQuality "1"]

1. d4 d6 2. c4 e5 3. Nf3 e4 4. Ng5 f5 5. Nc3 Nf6 6. g3 Be7 7. Nh3 0-0 8. Bg2 Nc6 9. 0-0 Bd7 10. f3 exf3 11. exf3 a6 12. f4 Rb8 13. d5 Na5 14. b3 b5 15. cxb5 axb5 16. Bb2 Ng4 17. Qd2 Bf6 18. Rae1 Re8 19. Nf2 Nxf2 20. Qxf2 Ra8 21. Nd1 Nb7 22. Ba3 Rxa3 0-1

[Event "Titled Tuesday intern op 16th Jan Early"]
[Site "Chess.com INT"]
[Date "2024.01.16"]
[Round "2"]
[White "Shtompel, Yuriy"]
[Black "Ahn, Hongjin"]
[Result "1-0"]
[WhiteElo "2072"]
[BlackElo "2251"]
[PlyCount "69"]
[EventDate "2024.01.16"]
[EventType "swiss (blitz)"]
[EventRounds "11"]
[EventCountry "USA"]
[SourceTitle "CB04_2024"]
[SourceDate "2023.10.16"]
[SourceVersion "1"]
[SourceVersionDate "2023.10.16"]
[SourceQuality "1"]

1. Nf3 Nf6 2. g3 g6 3. Bg2 Bg7 4. 0-0 0-0 5. d3 d6 6. Nbd2 c6 7. h3 Qa5 8. e4 Qh5 9. Kh2 Bg4 10. Qe1 Nbd7 11. Nd4 Bxh3 12. Bxh3 Ng4+ 13. Kg2 Bxd4 14. Nf3 Bg7 15. Rh1 e5 16. Ng5 f5 17. Bxg4 Qxg4 18. Rh4 Qxh4 19. gxh4 Rae8 20. f3 Nf6 21. Bd2 Nh5 22. Nh3 Bf6 23. Bg5 Bxg5 24. hxg5 fxe4 25. fxe4 Rf7 26. Qe2 Ref8 27. Rg1 Kg7 28. Kh2 Rf3 29. Qd2 R8f7 30. Rg2 Kg8 31. Rf2 d5 32. Rxf3 Rxf3 33. Kg2 Rf7 34. Qb4 d4 35. Qd6 1-0

[Event "Asian Games tt"]
[Site "Hangzhou"]
[Date "2023.10.05"]
[Round "7.12"]
[White "Ahn, Hongjin"]
[Black "Vokhidov, Shamsiddin"]
[Result "0-1"]
[WhiteElo "2252"]
[BlackElo "2578"]
[PlyCount "56"]
[EventDate "2023.09.29"]
[EventType "team-tourn"]
[EventRounds "9"]
[EventCountry "CHN"]
[SourceTitle "EXT 2024"]
[Source "ChessBase"]
[SourceDate "2023.10.10"]
[SourceVersion "1"]
[SourceVersionDate "2023.10.10"]
[SourceQuality "1"]
[WhiteTeam "Korea"]
[BlackTeam "Uzbekistan"]
[WhiteTeamCountry "KOR"]
[BlackTeamCountry "UZB"]

1. e4 c5 2. Nc3 e6 3. Nf3 a6 4. g3 b5 5. Bg2 Bb7 6. d4 cxd4 7. Nxd4 Nf6 8. 0-0 b4 9. Na4 Bxe4 10. Bxe4 Nxe4 11. Re1 d5 12. c4 bxc3 13. Qb3 Nd7 14. Bf4 g5 15. f3 gxf4 16. fxe4 Rb8 17. Qc2 cxb2 18. Rad1 Qc8 19. Qxc8+ Rxc8 20. exd5 Bb4 21. Rf1 Bc5 22. Rd2 Ba7 23. dxe6 fxe6 24. Kg2 Bxd4 25. Rxd4 Rc2+ 26. Kg1 fxg3 27. Rb4 gxh2+ 28. Kh1 Rc1 0-1

[Event "Asian Games"]
[Site "Hangzhou"]
[Date "2023.09.26"]
[Round "6"]
[White "Ahn, Hongjin"]
[Black "Bai, Adelard"]
[Result "0-1"]
[WhiteElo "2252"]
[BlackElo "2377"]
[PlyCount "166"]
[EventDate "2023.09.24"]
[EventType "swiss (rapid)"]
[EventRounds "9"]
[EventCountry "CHN"]
[SourceTitle "EXT 2024"]
[Source "ChessBase"]
[SourceDate "2023.10.10"]
[SourceVersion "1"]
[SourceVersionDate "2023.10.10"]
[SourceQuality "1"]

1. e4 e5 2. Nc3 Nf6 3. Bc4 Nc6 4. d3 Na5 5. Nge2 d6 6. 0-0 Be7 7. Bb3 c6 8. f4 Qb6+ 9. Kh1 Nxb3 10. axb3 Bg4 11. h3 Bd7 12. d4 Qc7 13. Be3 0-0 14. fxe5 dxe5 15. dxe5 Ne8 16. Bf4 Qc8 17. Qd2 Nc7 18. Nd4 Rd8 19. Qf2 Be6 20. Be3 Bf8 21. Qg3 Nb5 22. Nf5 Nxc3 23. bxc3 Qc7 24. Rf3 Kh8 25. Raf1 c5 26. Qf4 Re8 27. Nd6 Bxd6 28. exd6 Qc6 29. Rg3 Rg8 30. Qe5 Rae8 31. Bh6 Bg4 32. Qg5 Qxd6 33. Rxg4 gxh6 34. Qf5 Rxg4 35. Qxg4 Re7 36. Rd1 Qg6 37. Rd8+ Kg7 38. Qc8 Qxe4 39. Rg8+ Kf6 40. Rg3 Qe1+ 41. Kh2 Qe5 42. Qh8+ Ke6 43. Qxh7 h5 44. c4 Kd7 45. h4 Kc7 46. Qg7 Qd6 47. Qg5 Re4 48. Qxh5 f5 49. Qf7+ Kb6 50. Qg6 Rxh4+ 51. Kg1 Rd4 52. Qxd6+ Rxd6 53. Rf3 Rd1+ 54. Kh2 Rd2 55. Rxf5 Rxc2 56. Rf3 Kc6 57. Kh3 a5 58. g4 a4 59. bxa4 Rxc4 60. Ra3 Rd4 61. g5 c4 62. g6 Kc5 63. Rg3 Rd8 64. Kh4 Kb4 65. Rg4 Kb3 66. g7 Rg8 67. Kh5 c3 68. Kg6 c2 69. Rg1 Kb2 70. Kf7 Rc8 71. Rg2 Kb1 72. Rg1+ c1Q 73. g8Q Rxg8 74. Rxc1+ Kxc1 75. Kxg8 Kb2 76. Kf7 Kb3 77. a5 Kb4 78. a6 bxa6 79. Ke6 a5 80. Kd5 a4 81. Kd4 Kb3 82. Kd3 a3 83. Kd2 Kb2 0-1

[Event "Titled Tuesday intern op 26th Sep Early"]
[Site "Chess.com INT"]
[Date "2023.09.26"]
[Round "2"]
[White "Espinosa Veloz, Ermes"]
[Black "Ahn, Hongjin"]
[Result "1-0"]
[WhiteElo "2478"]
[BlackElo "2252"]
[PlyCount "119"]
[EventDate "2023.09.26"]
[EventType "swiss (blitz)"]
[EventRounds "11"]
[EventCountry "USA"]
[SourceTitle "EXT 2024"]
[Source "ChessBase"]
[SourceDate "2023.10.10"]
[SourceVersion "1"]
[SourceVersionDate "2023.10.10"]
[SourceQuality "1"]

1. e4 c5 2. Nf3 Nf6 3. e5 Nd5 4. Nc3 Nxc3 5. dxc3 Nc6 6. Bf4 Qb6 7. b3 Qc7 8. Qd2 e6 9. 0-0-0 a6 10. Kb1 b5 11. Be2 Ne7 12. Ng5 c4 13. Ne4 Nd5 14. Nd6+ Bxd6 15. exd6 Qc6 16. Bf3 Bb7 17. Kb2 0-0 18. Qe1 a5 19. Bxd5 exd5 20. Qd2 b4 21. cxb4 axb4 22. Qxb4 c3+ 23. Kb1 Rfb8 24. Be5 Qa6 25. a4 Bc6 26. Qxc3 Qxa4 27. Bxg7 Qa2+ 28. Kc1 Qa3+ 29. Qb2 h6 30. Qxa3 Rxa3 31. Bxh6 Kh7 32. Be3 Re8 33. Kb2 Raa8 34. Ra1 Rab8 35. Bd4 Kg6 36. Rhe1 Re4 37. Rxe4 dxe4 38. Be3 f5 39. g3 Kf6 40. Ra5 Ke6 41. Bf4 Rh8 42. h4 Rg8 43. Re5+ Kf6 44. Rc5 Ke6 45. b4 Rb8 46. Kb3 Bd5+ 47. Kc3 Ra8 48. h5 Ra3+ 49. Kd2 Ra2 50. h6 Ra8 51. b5 Rh8 52. c4 Bb7 53. Re5+ Kf6 54. Re7 Bc8 55. Be5+ Kg6 56. Bxh8 f4 57. gxf4 e3+ 58. fxe3 Ba6 59. Bd4 Kf5 60. bxa6 1-0

[Event "Asian Games"]
[Site "Hangzhou"]
[Date "2023.09.26"]
[Round "7"]
[White "Nezad, Husein Aziz"]
[Black "Ahn, Hongjin"]
[Result "1/2-1/2"]
[WhiteElo "2328"]
[BlackElo "2252"]
[PlyCount "92"]
[EventDate "2023.09.24"]
[EventType "swiss (rapid)"]
[EventRounds "9"]
[EventCountry "CHN"]
[SourceTitle "EXT 2024"]
[Source "ChessBase"]
[SourceDate "2023.10.10"]
[SourceVersion "1"]
[SourceVersionDate "2023.10.10"]
[SourceQuality "1"]

1. e4 e6 2. d4 d5 3. Nd2 c5 4. Ngf3 Nc6 5. exd5 exd5 6. Bb5 Qe7+ 7. Be2 Nf6 8. 0-0 Qc7 9. Re1 cxd4 10. Nb3 Be7 11. Nbxd4 0-0 12. Bg5 Bg4 13. h3 Bh5 14. Nf5 Rad8 15. Nxe7+ Qxe7 16. Nd4 Nxd4 17. Bxh5 Ne6 18. Bf3 Qd6 19. Bxf6 gxf6 20. Qd2 Ng5 21. Bg4 Kh8 22. Rad1 Rg8 23. Kh1 Qb6 24. Qd4 Qc6 25. Bf5 Rde8 26. Rxe8 Rxe8 27. Qxd5 Re1+ 28. Kh2 Rxd1 29. Qxd1 Qc5 30. Qg4 Qxf2 31. Bd3 Ne6 32. Qe4 Ng5 33. Qg4 Ne6 34. Qf5 Qh4 35. a4 b6 36. b3 Qh6 37. Bc4 Kg7 38. Qg4+ Kf8 39. Qe4 Nc5 40. Qd5 Qf4+ 41. Kh1 Qc1+ 42. Kh2 Qf4+ 43. Kg1 Qe3+ 44. Kh2 Qf4+ 45. Kh1 Qc1+ 46. Kh2 Qf4+ 1/2-1/2

[Event "Asian Games"]
[Site "Hangzhou"]
[Date "2023.09.25"]
[Round "4"]
[White "Ahn, Hongjin"]
[Black "Kojima, Shinya"]
[Result "1-0"]
[WhiteElo "2252"]
[BlackElo "2306"]
[PlyCount "101"]
[EventDate "2023.09.24"]
[EventType "swiss (rapid)"]
[EventRounds "9"]
[EventCountry "CHN"]
[SourceTitle "EXT 2024"]
[Source "ChessBase"]
[SourceDate "2023.10.10"]
[SourceVersion "1"]
[SourceVersionDate "2023.10.10"]
[SourceQuality "1"]

1. e4 c6 2. d4 d5 3. e5 Bf5 4. h4 h5 5. Bg5 Qb6 6. Bd3 Bxd3 7. Qxd3 e6 8. Nd2 Nh6 9. c4 Nf5 10. Ne2 dxc4 11. Nxc4 Bb4+ 12. Kf1 Qa6 13. a3 Be7 14. Rh3 Nd7 15. Bxe7 Kxe7 16. Ng3 Nxg3+ 17. Rxg3 g6 18. Kg1 Nb6 19. b3 Nxc4 20. bxc4 Rad8 21. Rb1 Rd7 22. Qf3 Rf8 23. Qf6+ Ke8 24. Rgb3 b6 25. d5 Qxc4 26. d6 Qd4 27. Rb4 Qc5 28. a4 Rg8 29. R4b3 Rf8 30. R3b2 Rg8 31. Rb4 Rf8 32. R1b2 Rg8 33. Kh1 g5 34. hxg5 Qc1+ 35. Kh2 Qxg5 36. Qxg5 Rxg5 37. f4 Rf5 38. a5 f6 39. axb6 axb6 40. Re4 b5 41. Rc2 fxe5 42. fxe5 Rg7 43. Rxc6 Rg4 44. Rc8+ Kd7 45. Rc7+ Kd8 46. Re2 Rc4 47. Re7 Rc5 48. Ra2 Rfxe5 49. Ra8+ Rc8 50. Raa7 Rc2 51. Rg7 1-0

[Event "Titled Tuesday intern op 01st Aug Late"]
[Site "Chess.com INT"]
[Date "2023.08.01"]
[Round "8"]
[White "Ahn, Hongjin"]
[Black "Castro Silva, Moises Antonio"]
[Result "0-1"]
[WhiteElo "2240"]
[BlackElo "2144"]
[PlyCount "82"]
[EventDate "2023.08.01"]
[EventType "swiss (blitz)"]
[EventRounds "11"]
[EventCountry "USA"]
[SourceTitle "EXT 2024"]
[Source "ChessBase"]
[SourceDate "2023.10.10"]
[SourceVersion "1"]
[SourceVersionDate "2023.10.10"]
[SourceQuality "1"]

1. e4 c5 2. c3 Nf6 3. e5 Nd5 4. d4 d6 5. Bc4 dxe5 6. dxe5 Be6 7. Nf3 Nc6 8. 0-0 g6 9. Re1 Bg7 10. Qe2 Qc7 11. Nbd2 0-0 12. Nf1 Rfd8 13. Ng3 h6 14. Bd2 Na5 15. Bd3 c4 16. Bc2 b5 17. Rad1 Nc6 18. Be4 Rd7 19. h4 Rad8 20. h5 Nxe5 21. Nxe5 Qxe5 22. hxg6 Nf6 23. gxf7+ Bxf7 24. Bh7+ Nxh7 25. Qxe5 Bxe5 26. Rxe5 Rxd2 27. Rxd2 Rxd2 28. Rxe7 Rxb2 29. Rxa7 Rc2 30. Nf5 Be6 31. Nxh6+ Kh8 32. Ra8+ Kg7 33. Ra7+ Kxh6 34. f4 Kg6 35. g4 Bxg4 36. Ra6+ Kf5 37. Rh6 Nf6 38. Rh4 Ne4 39. Rh8 Rc1+ 40. Kg2 Kxf4 41. Rf8+ Bf5 0-1

[Event "Titled Tuesday intern op 01st Aug Late"]
[Site "Chess.com INT"]
[Date "2023.08.01"]
[Round "3"]
[White "Ahn, Hongjin"]
[Black "Negron Lizarazo, Juan Sebastian"]
[Result "1-0"]
[WhiteElo "2240"]
[BlackElo "1689"]
[PlyCount "101"]
[EventDate "2023.08.01"]
[EventType "swiss (blitz)"]
[EventRounds "11"]
[EventCountry "USA"]
[SourceTitle "EXT 2024"]
[Source "ChessBase"]
[SourceDate "2023.10.10"]
[SourceVersion "1"]
[SourceVersionDate "2023.10.10"]
[SourceQuality "1"]

1. e4 c5 2. c3 Nf6 3. e5 Nd5 4. d4 cxd4 5. cxd4 d6 6. Nf3 Nc6 7. Bc4 Nb6 8. Bb5 a6 9. Bxc6+ bxc6 10. 0-0 g6 11. Nc3 Bg7 12. a4 0-0 13. a5 Nd7 14. exd6 exd6 15. Ne4 Nf6 16. Bg5 Bf5 17. Nxf6+ Bxf6 18. Bxf6 Qxf6 19. Rc1 Rac8 20. Qe2 Bg4 21. h3 Bxf3 22. Qxf3 Qxf3 23. gxf3 c5 24. dxc5 Rxc5 25. Rxc5 dxc5 26. Rc1 Rc8 27. b4 c4 28. Kf1 Kg7 29. Ke2 Kf6 30. Ke3 Ke5 31. f4+ Kf5 32. Kd4 Kxf4 33. Rxc4 Rd8+ 34. Kc3+ Kf3 35. Rc7 f5 36. Rxh7 Kxf2 37. Rh6 Rd6 38. h4 Rc6+ 39. Kd4 f4 40. h5 f3 41. Rxg6 Rc8 42. Rxa6 Kg1 43. Rg6+ Kf1 44. a6 f2 45. a7 Ke1 46. Re6+ Kd2 47. Rf6 Ke2 48. b5 f1Q 49. Rxf1 Kxf1 50. b6 Kg2 51. b7 1-0

[Event "Titled Tuesday intern op 01st Aug Late"]
[Site "Chess.com INT"]
[Date "2023.08.01"]
[Round "6"]
[White "Petersson, Kjell"]
[Black "Ahn, Hongjin"]
[Result "1-0"]
[WhiteElo "2040"]
[BlackElo "2240"]
[PlyCount "85"]
[EventDate "2023.08.01"]
[EventType "swiss (blitz)"]
[EventRounds "11"]
[EventCountry "USA"]
[SourceTitle "EXT 2024"]
[Source "ChessBase"]
[SourceDate "2023.10.10"]
[SourceVersion "1"]
[SourceVersionDate "2023.10.10"]
[SourceQuality "1"]

1. d4 d5 2. Bf4 e6 3. e3 Nf6 4. Nf3 Bd6 5. Bg3 Bxg3 6. hxg3 Qd6 7. Nbd2 0-0 8. Bd3 Nbd7 9. c3 e5 10. dxe5 Nxe5 11. Nxe5 Qxe5 12. Qc2 h6 13. 0-0-0 c5 14. Nf3 Qe7 15. Qe2 c4 16. Bc2 Be6 17. Nd4 a6 18. f3 b5 19. a3 a5 20. Nxb5 Rfb8 21. a4 Bd7 22. Na3 Qd8 23. e4 Qb6 24. Bb1 Bxa4 25. Rd2 dxe4 26. fxe4 Bb3 27. e5 Nd5 28. Rxd5 Rd8 29. Rxd8+ Rxd8 30. Nxc4 Bxc4 31. Qxc4 Qe3+ 32. Kc2 Qd2+ 33. Kb3 Rb8+ 34. Ka4 Qxb2 35. Rd1 Qa1+ 36. Qa2 Qxa2+ 37. Bxa2 Kf8 38. Rd7 Ra8 39. Rxf7+ Ke8 40. Rxg7 Rd8 41. Rh7 Rd5 42. Bxd5 Kd8 43. e6 1-0

[Event "Titled Tuesday intern op 11th Jul Early"]
[Site "Chess.com INT"]
[Date "2023.07.11"]
[Round "5"]
[White "Ismayilova, Khanim"]
[Black "Ahn, Hongjin"]
[Result "0-1"]
[WhiteElo "1615"]
[BlackElo "2259"]
[PlyCount "86"]
[EventDate "2023.07.11"]
[EventType "swiss (blitz)"]
[EventRounds "11"]
[EventCountry "USA"]
[SourceTitle "EXT 2024"]
[Source "ChessBase"]
[SourceDate "2023.10.10"]
[SourceVersion "1"]
[SourceVersionDate "2023.10.10"]
[SourceQuality "1"]

1. c4 c5 2. Nc3 Nc6 3. Nf3 Nf6 4. e3 e6 5. d4 d5 6. cxd5 exd5 7. Bb5 a6 8. Bxc6+ bxc6 9. 0-0 Bd6 10. Na4 cxd4 11. exd4 0-0 12. Bg5 h6 13. Bh4 Bg4 14. h3 Bh5 15. Nc3 Re8 16. Qd3 g5 17. Bg3 Bg6 18. Qd2 Ne4 19. Nxe4 dxe4 20. Ne5 Bxe5 21. Bxe5 Rxe5 22. f4 Rd5 23. Rad1 Qe7 24. fxg5 e3 25. Qe2 Rxg5 26. h4 Bh5 27. Qe1 e2 28. hxg5 Qe3+ 29. Kh1 exd1Q 30. Qxe3 Qxf1+ 31. Kh2 hxg5 32. Qxg5+ Bg6 33. d5 cxd5 34. a4 Re8 35. b4 Re2 36. b5 axb5 37. axb5 Re1 38. Qxd5 Qg1+ 39. Kg3 Re3+ 40. Kg4 Re4+ 41. Kh3 Qh1+ 42. Kg3 Qh4+ 43. Kf3 Qf4# 0-1

[Event "Titled Tuesday intern op 04th Jul Early"]
[Site "Chess.com INT"]
[Date "2023.07.04"]
[Round "3"]
[White "Ahn, Hongjin"]
[Black "Frolyanov, Dmitry"]
[Result "0-1"]
[WhiteElo "2259"]
[BlackElo "2485"]
[PlyCount "132"]
[EventDate "2023.07.04"]
[EventType "swiss (blitz)"]
[EventRounds "11"]
[EventCountry "USA"]
[SourceTitle "EXT 2024"]
[Source "ChessBase"]
[SourceDate "2023.10.10"]
[SourceVersion "1"]
[SourceVersionDate "2023.10.10"]
[SourceQuality "1"]

1. e4 e5 2. Nf3 Nf6 3. Nxe5 d6 4. Nf3 Nxe4 5. Bd3 Nf6 6. 0-0 Be7 7. c3 0-0 8. Bc2 b6 9. d4 Bb7 10. Nbd2 Nbd7 11. Re1 Re8 12. Nf1 Bf8 13. Ng3 Bxf3 14. gxf3 Rxe1+ 15. Qxe1 d5 16. Kh1 g6 17. Bg5 Bg7 18. Qd2 Nf8 19. Rg1 Qd7 20. Nf5 Nh5 21. Nxg7 Nxg7 22. Qf4 Nfe6 23. Qg4 f5 24. Qh4 Nxg5 25. Qxg5 Re8 26. Bd3 Qe7 27. Qh6 c6 28. h4 Qf6 29. Kh2 Re7 30. Kh3 Ne6 31. h5 Rg7 32. Rg3 Qf7 33. Kh2 Qc7 34. Kh1 Nf4 35. Bf1 Nxh5 36. Rg5 Qf4 37. Rxh5 Qxf3+ 38. Bg2 Qxh5+ 39. Qxh5 gxh5 40. Bh3 Rf7 41. Kg2 Kg7 42. Kf3 Kf6 43. Kf4 Re7 44. Bxf5 Re2 45. f3 Rxb2 46. Bd7 c5 47. Bc6 Ke6 48. Be8 Rxa2 49. Bxh5 Rc2 50. Bg4+ Kd6 51. Bf5 Rxc3 52. dxc5+ bxc5 53. Bxh7 a5 54. Kg4 a4 55. f4 a3 56. f5 Ke7 57. f6+ Kxf6 58. Bf5 Rc4+ 59. Be4 Rxe4+ 60. Kg3 a2 61. Kf2 a1Q 62. Kf3 Qc3+ 63. Kg2 Qd2+ 64. Kg3 Qd3+ 65. Kf2 Re2+ 66. Kf1 Qd1# 0-1

[Event "Titled Tuesday intern op 04th Jul Early"]
[Site "Chess.com INT"]
[Date "2023.07.04"]
[Round "8"]
[White "Ahn, Hongjin"]
[Black "Liu, Casper Yukun"]
[Result "1-0"]
[WhiteElo "2259"]
[BlackElo "2278"]
[PlyCount "111"]
[EventDate "2023.07.04"]
[EventType "swiss (blitz)"]
[EventRounds "11"]
[EventCountry "USA"]
[SourceTitle "EXT 2024"]
[Source "ChessBase"]
[SourceDate "2023.10.10"]
[SourceVersion "1"]
[SourceVersionDate "2023.10.10"]
[SourceQuality "1"]

1. f4 b6 2. Nf3 Bb7 3. g3 e6 4. Bg2 Nf6 5. 0-0 Be7 6. d3 d5 7. Nc3 0-0 8. Qe1 Na6 9. a3 Nc5 10. b4 Ncd7 11. e4 dxe4 12. dxe4 a5 13. b5 Nc5 14. Bb2 Ncxe4 15. Nxe4 Nxe4 16. Ng5 Nd6 17. Bxb7 Nxb7 18. Qe4 Bxg5 19. fxg5 Nd6 20. Qe5 Ne8 21. Rad1 Qe7 22. Kg2 a4 23. h4 Qc5 24. h5 Qxc2+ 25. Kh3 Qc5 26. h6 Qxe5 27. Bxe5 Ra5 28. Rd7 Rxb5 29. hxg7 Nxg7 30. Bf6 Nf5 31. Rfd1 Rb3 32. Rd8 Rxg3+ 33. Kh2 Nd6 34. Rxf8+ Kxf8 35. Kxg3 Ke8 36. Kf4 Kd7 37. Be5 b5 38. Bxd6 cxd6 39. Rh1 Kc6 40. Rxh7 Kc5 41. Rxf7 Kc4 42. g6 b4 43. axb4 a3 44. Ra7 Kb3 45. g7 a2 46. g8Q Kb2 47. Qg7+ Kb1 48. Rxa2 Kxa2 49. b5 e5+ 50. Ke3 Ka3 51. b6 d5 52. b7 d4+ 53. Kd3 e4+ 54. Kxd4 e3 55. b8Q e2 56. Qga7# 1-0

[Event "Titled Tuesday intern op 04th Jul Early"]
[Site "Chess.com INT"]
[Date "2023.07.04"]
[Round "10"]
[White "Causo, Deniel"]
[Black "Ahn, Hongjin"]
[Result "1-0"]
[WhiteElo "2224"]
[BlackElo "2259"]
[PlyCount "41"]
[EventDate "2023.07.04"]
[EventType "swiss (blitz)"]
[EventRounds "11"]
[EventCountry "USA"]
[SourceTitle "EXT 2024"]
[Source "ChessBase"]
[SourceDate "2023.10.10"]
[SourceVersion "1"]
[SourceVersionDate "2023.10.10"]
[SourceQuality "1"]

1. e4 c5 2. c3 Nc6 3. d4 cxd4 4. cxd4 d5 5. exd5 Qxd5 6. Nf3 Bg4 7. Nc3 Qh5 8. d5 Ne5 9. Bb5+ Bd7 10. Be2 Nf6 11. 0-0 e6 12. dxe6 fxe6 13. Bf4 Ng6 14. Ne5 Qf5 15. Nxd7 Nxd7 16. Bb5 Rd8 17. Bc7 Nge5 18. Bxd8 Kxd8 19. Re1 Bc5 20. Rxe5 Qxf2+ 21. Kh1 1-0

[Event "Titled Tuesday intern op 04th Jul Early"]
[Site "Chess.com INT"]
[Date "2023.07.04"]
[Round "2"]
[White "Moral Garcia, Serafin"]
[Black "Ahn, Hongjin"]
[Result "0-1"]
[WhiteElo "2240"]
[BlackElo "2259"]
[PlyCount "66"]
[EventDate "2023.07.04"]
[EventType "swiss (blitz)"]
[EventRounds "11"]
[EventCountry "USA"]
[SourceTitle "EXT 2024"]
[Source "ChessBase"]
[SourceDate "2023.10.10"]
[SourceVersion "1"]
[SourceVersionDate "2023.10.10"]
[SourceQuality "1"]

1. c4 c5 2. Nc3 Nc6 3. g3 g6 4. Bg2 Bg7 5. a3 e6 6. Rb1 b6 7. b4 cxb4 8. axb4 Bb7 9. e3 Nge7 10. Nge2 d5 11. c5 Ne5 12. d4 Nc4 13. 0-0 0-0 14. b5 Nf5 15. c6 Bc8 16. Na4 a6 17. bxa6 Bxa6 18. Re1 Qc7 19. Nf4 Qxc6 20. Nd3 Ncxe3 21. Bxe3 Bxd3 22. Qxd3 Rxa4 23. Rec1 Rc4 24. Rxc4 Qxc4 25. Qxc4 dxc4 26. Rxb6 Bxd4 27. Bxd4 Nxd4 28. Kf1 c3 29. Rb1 c2 30. Rc1 Rc8 31. Be4 f5 32. Bd3 e5 33. f3 Rc3 0-1

[Event "Titled Tuesday intern op 04th Jul Early"]
[Site "Chess.com INT"]
[Date "2023.07.04"]
[Round "7"]
[White "Tikhonov, Viacheslav"]
[Black "Ahn, Hongjin"]
[Result "1-0"]
[WhiteElo "2201"]
[BlackElo "2259"]
[PlyCount "109"]
[EventDate "2023.07.04"]
[EventType "swiss (blitz)"]
[EventRounds "11"]
[EventCountry "USA"]
[SourceTitle "EXT 2024"]
[Source "ChessBase"]
[SourceDate "2023.10.10"]
[SourceVersion "1"]
[SourceVersionDate "2023.10.10"]
[SourceQuality "1"]

1. d4 Nf6 2. c4 g6 3. Nc3 Bg7 4. e4 0-0 5. Be2 d6 6. h4 c5 7. d5 b5 8. cxb5 a6 9. bxa6 Bxa6 10. Bxa6 Rxa6 11. Nf3 Nbd7 12. 0-0 Ng4 13. h5 Qa5 14. Qc2 Nde5 15. Nxe5 Nxe5 16. h6 Bf6 17. a4 Rb8 18. Ra3 Nc4 19. Rb3 Rxb3 20. Qxb3 Qb4 21. Qc2 Bxc3 22. bxc3 Qxa4 23. Qe2 Ra8 24. f4 Nb6 25. f5 Nd7 26. fxg6 hxg6 27. Bg5 Re8 28. Bf4 Kh7 29. Qf3 Nf6 30. Re1 Ng8 31. e5 dxe5 32. Bxe5 f6 33. Bf4 Qd7 34. Re6 Rd8 35. c4 Qa4 36. Qe4 Qa1+ 37. Kh2 Rd7 38. d6 exd6 39. Qc6 Qa7 40. Qc8 Rf7 41. Re8 g5 42. Rxg8 gxf4 43. Rh8+ Kg6 44. Qg8+ Kf5 45. Qc8+ Qd7 46. Qg8 f3 47. gxf3 d5 48. Qg4+ Ke5 49. Qg3+ Kd4 50. Rg8 dxc4 51. Rg7 c3 52. Qf2+ Kc4 53. Qh4+ Kb3 54. Rxf7 Qxf7 55. h7 1-0

[Event "Titled Tuesday intern op 18th Apr Late"]
[Site "Chess.com INT"]
[Date "2023.04.18"]
[Round "2"]
[White "Kravtsiv, Martyn"]
[Black "Ahn, Hongjin"]
[Result "1-0"]
[WhiteElo "2598"]
[BlackElo "2259"]
[PlyCount "85"]
[EventDate "2023.04.18"]
[EventType "swiss (blitz)"]
[EventRounds "11"]
[EventCountry "USA"]
[SourceTitle "EXT 2024"]
[Source "ChessBase"]
[SourceDate "2023.10.10"]
[SourceVersion "1"]
[SourceVersionDate "2023.10.10"]
[SourceQuality "1"]

1. e4 c5 2. Nf3 Nf6 3. Nc3 d5 4. exd5 Nxd5 5. Bb5+ Bd7 6. Ne5 Nf6 7. a4 a6 8. Bxd7+ Nbxd7 9. Nc4 Qc7 10. 0-0 e6 11. d3 Be7 12. Qf3 0-0 13. Re1 Nb6 14. Bf4 Qd8 15. Qxb7 Nbd5 16. Nxd5 Nxd5 17. Bg3 Nb4 18. Re2 Bf6 19. Bd6 Re8 20. Bxc5 Rb8 21. Qf3 Nd5 22. c3 Rb3 23. Ba3 Qd7 24. Nd2 Rbb8 25. Ne4 Be7 26. Bxe7 Qxe7 27. h3 Red8 28. d4 Nb6 29. Nc5 Nc4 30. b3 Na5 31. b4 Nc4 32. Nxa6 Ra8 33. Nc5 Qc7 34. a5 Nd6 35. Rae1 Nf5 36. Re5 Nh4 37. Qb7 Qd6 38. Qe4 Ng6 39. Nb7 Qc7 40. Rc5 Qe7 41. Nxd8 Rxd8 42. a6 Qa7 43. Qb7 1-0

[Event "Titled Tuesday intern op 11th Apr Early"]
[Site "Chess.com INT"]
[Date "2023.04.11"]
[Round "3"]
[White "Ahn, Hongjin"]
[Black "Biriukov, Ilja"]
[Result "0-1"]
[WhiteElo "2259"]
[BlackElo "2311"]
[PlyCount "80"]
[EventDate "2023.04.11"]
[EventType "swiss (blitz)"]
[EventRounds "11"]
[EventCountry "USA"]
[SourceTitle "CBM 213 Extra"]
[Source "ChessBase"]
[SourceDate "2023.05.31"]
[SourceVersion "1"]
[SourceVersionDate "2023.05.31"]
[SourceQuality "1"]

1. d4 Nf6 2. c4 g6 3. g3 Bg7 4. Bg2 d6 5. Nf3 0-0 6. 0-0 Nbd7 7. b3 e5 8. dxe5 dxe5 9. Bb2 Re8 10. Qc1 c6 11. Nc3 Qc7 12. Rd1 a5 13. Ba3 Bf8 14. Bxf8 Kxf8 15. Qh6+ Kg8 16. Ng5 Nf8 17. h3 Bf5 18. g4 Bd7 19. Rd2 Rad8 20. Rad1 Bc8 21. Nce4 Nxe4 22. Nxe4 Qe7 23. g5 Rxd2 24. Rxd2 Rd8 25. Nf6+ Kh8 26. Rxd8 Qxd8 27. Be4 Qe7 28. Kg2 Be6 29. Nh5 gxh5 30. Qxh5 Ng6 31. e3 a4 32. h4 axb3 33. axb3 b5 34. cxb5 cxb5 35. Kg3 Bxb3 36. Qg4 Be6 37. Qd1 b4 38. Qa4 b3 39. Qb5 Qd7 40. h5 Qxb5 0-1